High School English Grammar & Composition (Record no. 1033)

MARC details
000 -LEADER
Fixed length control field 00460nam a2200169 4500
003 - CONTROL NUMBER IDENTIFIER
Control field SEACOMMC
005 - DATE AND TIME OF LATEST TRANSACTION
Control field 20250128115613.0
008 - FIXED-LENGTH DATA ELEMENTS--GENERAL INFORMATION
Fixed length control field 250128b |||||||| |||| 00| 0 eng d
020 ## - INTERNATIONAL STANDARD BOOK NUMBER / ISBN
International Standard Book Number 9789352530144
Price Rs.130.00
040 ## - CATALOGING SOURCE
Original cataloging agency SEACOMMC
082 ## - DEWEY DECIMAL CLASSIFICATION NUMBER
Classification number 425
Book Number W 945
100 ## - MAIN ENTRY--PERSONAL NAME
Personal name Wren, P C
245 1# - TITLE STATEMENT
Title High School English Grammar & Composition
Statement of responsibility P C Wren & H Martin
260 ## - IMPRINT
Place of publication New Delhi
Name of publisher S. Chand Publishers
Date of publication 2007
650 ## - SUBJECT ADDED ENTRY--TOPICAL TERM
Topical term English
942 ## - ADDED ENTRY ELEMENTS (KOHA)
Koha item type Books

No items available.

© Seacom Engineering College, All rights reserved.    Powered by Koha